000 01149nam a2200289 i 4500
003 DO-SdBPM
005 20260324135348.0
007 ta
008 220622e1998 dr |erlg|| 000 0dspa d
040 _aDO-SdBPM
_bspa
_cBPMSU
_erda
_drda
082 0 4 _a342.7293085
_bF316d 1998
_222
100 1 _aFéliz Vidal, Carlos Julio,
_eautor
_4aut.
245 1 0 _aDerechos individuales :
_bla libertad individual en República Dominicana : bases para un nuevo estado de derechos /
_cCarlos Feliz Vidal ; prólogo, Lucy Cosme, editor, Octavio Féliz Vidal.
264 _aBaní, República Dominicana :
_bMansión CIEMPS Editorial,
_c1998.
300 _a105 páginas ;
_c21 cm.
336 _2rdacontent
_atexto
_btxt
337 _2rdamedia
_asin mediación
_bn
338 _2rdacarrier
_avolumen
_bnc
500 _aIncluye datos biográficos del autor en la contracubierta.
590 _aInventariado 2026/ VM
650 7 _aDerecho civil
_zRepública Dominicana
650 7 _a Derecho privado
700 1 _aCosme, Lucy,
_eprologuista
_4pról.
700 1 _aFéliz Vidal, Octavio,
_eeditor
_4ed.
910 _aVMateo V. Control de calidad BPMSU
942 _2ddc
_cBK
999 _c15771
_d15771